Normal view
MARC view
- Dharmik, Antara
Entry Personal Name
001 - CONTROL NUMBER
- control field: 205001
003 - CONTROL NUMBER IDENTIFIER
- control field: OSt
005 - DATE AND TIME OF LATEST TRANSACTION
- control field: 20231025153342.0
008 - FIXED-LENGTH DATA ELEMENTS
- fixed length control field: 231025|| aca||aabn | a|a d
040 ## - CATALOGING SOURCE
- Original cataloging agency: OSt
- Transcribing agency: OSt
100 ## - HEADING--PERSONAL NAME
- Personal name: Dharmik, Antara
670 ## - SOURCE DATA FOUND
- Source citation: Work cat.: (OSt)356414: Dharmik, Antara, A Study to Assess the Effectiveness of Video Assisted Teaching Program Regarding Knowledge of Occolar Exercise on Visual Discomfort Among Children in Selected School of the City, 2022